[Event "Charlesbourg Alekhine"]
[Site "Charlesbourg CAN"]
[Date "2013.09.02"]
[Round "1"]
[White "Lapierre, Gaetan"]
[Black "Lessard, Claude"]
[Result "1-0"]
[WhiteElo "1847"]
[BlackElo "2136"]
[PlyCount "55"]
[GameId "2160767909229645"]
[EventDate "2013.09.02"]
[EventType "swiss"]
[EventRounds "5"]
[EventCountry "CAN"]
[SourceTitle "EXT 2022"]
[Source "ChessBase"]
[SourceDate "2021.10.06"]
[SourceVersion "1"]
[SourceVersionDate "2021.10.06"]
[SourceQuality "1"]

1. e4 c6 2. d4 d5 3. e5 c5 4. c3 Nc6 5. f4 cxd4 6. cxd4 Qb6 7. Nf3 Bg4 8. Nc3 e6 9. Bb5 Bxf3 10. Qxf3 a6 11. Bxc6+ bxc6 12. Qf2 c5 13. Be3 c4 14. f5 Bb4 15. O-O Bxc3 16. bxc3 exf5 17. Qxf5 Qg6 18. Qf3 Ne7 19. Bc1 Qe6 20. Ba3 h5 21. Rab1 g6 22. Bxe7 Qxe7 23. Qxd5 O-O 24. Rb7 Qe8 25. Rbxf7 Rxf7 26. Rxf7 Qxf7 27. Qxa8+ Kh7 28. Qe4 1-0

[Event "Charlesbourg Alekhine"]
[Site "Charlesbourg CAN"]
[Date "2013.09.02"]
[Round "1"]
[White "Plante, Rejean"]
[Black "Dorion, Francois"]
[Result "1-0"]
[WhiteElo "1985"]
[BlackElo "1750"]
[PlyCount "91"]
[GameId "2160767909229646"]
[EventDate "2013.09.02"]
[EventType "swiss"]
[EventRounds "5"]
[EventCountry "CAN"]
[SourceTitle "EXT 2022"]
[Source "ChessBase"]
[SourceDate "2021.10.06"]
[SourceVersion "1"]
[SourceVersionDate "2021.10.06"]
[SourceQuality "1"]

1. d4 d5 2. c4 dxc4 3. Nc3 e6 4. e4 c5 5. Nf3 cxd4 6. Nxd4 Nc6 7. Be3 Bb4 8. Bxc4 Bxc3+ 9. bxc3 Nf6 10. f3 O-O 11. O-O Qa5 12. Qb3 Ne5 13. Be2 Ng6 14. Rab1 Qe5 15. Qc2 a6 16. Rfd1 Nf4 17. Bf1 N6h5 18. Ne2 Qg5 19. Nxf4 Nxf4 20. Kh1 e5 21. Qd2 Be6 22. g3 Qh5 23. gxf4 exf4 24. Bxf4 Qxf3+ 25. Bg2 Qh5 26. Rxb7 Rac8 27. Bd6 Rfd8 28. e5 Rxc3 29. Rf1 Rdc8 30. Bc7 Rc4 31. Rb8 Qg4 32. Rd1 Qh4 33. Bd8 Qg4 34. Ba5 Qxd1+ 35. Qxd1 Rc1 36. Rb1 Rxd1+ 37. Rxd1 Bxa2 38. Bb7 Bb3 39. Rd6 Rc1+ 40. Kg2 g6 41. Rxa6 Bc4 42. Ra8+ Kg7 43. Bd8 Rd1 44. Bf6+ Kh6 45. Ra4 Rd4 46. Kf2 1-0

[Event "Charlesbourg Alekhine"]
[Site "Charlesbourg CAN"]
[Date "2013.09.02"]
[Round "1"]
[White "Tremblay, Rejean"]
[Black "Poulin, Claude"]
[Result "0-1"]
[WhiteElo "2114"]
[BlackElo "1750"]
[PlyCount "128"]
[GameId "2160767909229647"]
[EventDate "2013.09.02"]
[EventType "swiss"]
[EventRounds "5"]
[EventCountry "CAN"]
[SourceTitle "EXT 2022"]
[Source "ChessBase"]
[SourceDate "2021.10.06"]
[SourceVersion "1"]
[SourceVersionDate "2021.10.06"]
[SourceQuality "1"]

1. d4 Nf6 2. c4 c5 3. d5 d6 4. Nc3 g6 5. g3 Bg7 6. Bg2 O-O 7. Nf3 a6 8. O-O Bg4 9. h3 Bxf3 10. Bxf3 Nbd7 11. e3 Rb8 12. Be2 Qc7 13. a4 Rfe8 14. g4 h6 15. Qc2 Nf8 16. Kg2 e5 17. f4 N6d7 18. Bd3 Re7 19. Bd2 Rbe8 20. g5 exf4 21. exf4 hxg5 22. f5 f6 23. fxg6 Ne5 24. b3 Nxd3 25. Qxd3 Nd7 26. Rae1 Rxe1 27. Bxe1 Ne5 28. Qf5 Qd7 29. Qxd7 Nxd7 30. Bg3 Bf8 31. Rb1 Kg7 32. b4 Re3 33. bxc5 Nxc5 34. Nd1 Rb3 35. Rxb3 Nxb3 36. Nc3 f5 37. h4 Kxg6 38. hxg5 Kxg5 39. Ne2 Kg4 40. Nf4 Bh6 41. Ne6 f4 42. Bf2 f3+ 43. Kg1 Kf5 44. Nd8 Na5 45. c5 dxc5 46. Bxc5 Bg5 47. Ne6 Bf6 48. Bb4 Nc4 49. Kf2 Ne5 50. Bd6 Bh4+ 51. Kg1 Ng4 52. Bc5 Ke5 53. Nc7 Bd8 54. d6 Nf6 55. Bd4+ Kxd6 56. Bxf6 Bxf6 57. Ne8+ Ke7 58. Nxf6 Kxf6 59. Kf2 Ke5 60. Kxf3 Kd4 61. Ke2 Kc4 62. Kd2 Kb4 63. Kc2 Kxa4 64. Kb2 b5 0-1

[Event "Charlesbourg Alekhine"]
[Site "Charlesbourg CAN"]
[Date "2013.09.02"]
[Round "1"]
[White "Tremblay-Alix, Eric"]
[Black "Villeneuve, Jean Guy"]
[Result "1-0"]
[WhiteElo "1851"]
[BlackElo "1200"]
[PlyCount "35"]
[GameId "2160767909229648"]
[EventDate "2013.09.02"]
[EventType "swiss"]
[EventRounds "5"]
[EventCountry "CAN"]
[SourceTitle "EXT 2022"]
[Source "ChessBase"]
[SourceDate "2021.10.06"]
[SourceVersion "1"]
[SourceVersionDate "2021.10.06"]
[SourceQuality "1"]

1. c4 Nc6 2. d4 e5 3. d5 Nd4 4. e3 Nf5 5. Bd3 Nh4 6. g3 Ng6 7. f4 c6 8. f5 N6e7 9. d6 Nf6 10. dxe7 Bxe7 11. Nc3 d5 12. cxd5 cxd5 13. Nge2 Qb6 14. Bb5+ Bd7 15. Bxd7+ Nxd7 16. Nxd5 Qc6 17. e4 O-O-O 18. Nxe7+ 1-0

[Event "Charlesbourg Alekhine"]
[Site "Charlesbourg CAN"]
[Date "2013.09.09"]
[Round "2"]
[White "Gaudreau, Eric"]
[Black "Tremblay, Rejean"]
[Result "0-1"]
[WhiteElo "1642"]
[BlackElo "2114"]
[PlyCount "76"]
[GameId "2160767909229649"]
[EventDate "2013.09.02"]
[EventType "swiss"]
[EventRounds "5"]
[EventCountry "CAN"]
[SourceTitle "EXT 2022"]
[Source "ChessBase"]
[SourceDate "2021.10.06"]
[SourceVersion "1"]
[SourceVersionDate "2021.10.06"]
[SourceQuality "1"]

1. d4 Nf6 2. c4 e6 3. Nc3 Bb4 4. e3 c5 5. Nge2 cxd4 6. exd4 O-O 7. a3 Be7 8. Ng3 b6 9. Be2 Bb7 10. O-O d5 11. Be3 Nc6 12. cxd5 Nxd5 13. Nxd5 Qxd5 14. Bf3 Qd7 15. Qa4 Rfd8 16. Rfd1 Ne5 17. Qxd7 Nxf3+ 18. gxf3 Rxd7 19. Kg2 Rad8 20. Rdc1 Bf6 21. Ne4 Bxd4 22. Bxd4 Rxd4 23. Rc7 R8d7 24. Rac1 h6 25. Rxd7 Rxd7 26. Rc3 Kf8 27. Kf1 Ke7 28. Ke2 g5 29. h3 f5 30. Nd2 Ba6+ 31. Ke1 Bd3 32. Rc8 Kf6 33. Rc3 Rd6 34. Rc7 a5 35. Nc4 Bxc4 36. Rxc4 Rd3 37. Ke2 Rb3 38. Rc2 a4 0-1

[Event "Charlesbourg Alekhine"]
[Site "Charlesbourg CAN"]
[Date "2013.09.09"]
[Round "2"]
[White "Glode, Martin"]
[Black "Drolet, Stephane"]
[Result "1/2-1/2"]
[WhiteElo "1868"]
[BlackElo "2148"]
[PlyCount "50"]
[GameId "2160767909229650"]
[EventDate "2013.09.02"]
[EventType "swiss"]
[EventRounds "5"]
[EventCountry "CAN"]
[SourceTitle "EXT 2022"]
[Source "ChessBase"]
[SourceDate "2021.10.06"]
[SourceVersion "1"]
[SourceVersionDate "2021.10.06"]
[SourceQuality "1"]

1. e4 c6 2. d4 g6 3. Nc3 d5 4. h3 Bg7 5. Nf3 Nf6 6. e5 Ne4 7. Nxe4 dxe4 8. Ng5 c5 9. c3 cxd4 10. Qxd4 O-O 11. Qxd8 Rxd8 12. Bc4 e6 13. Nxe4 Bxe5 14. Bg5 Rf8 15. Be7 Re8 16. Nf6+ Bxf6 17. Bxf6 Nd7 18. Bh4 a6 19. Be2 e5 20. O-O-O Nc5 21. Bc4 Bf5 22. g4 Be4 23. Rhe1 Bf3 24. Be2 Bc6 25. Bc4 Bf3 1/2-1/2

[Event "Charlesbourg Alekhine"]
[Site "Charlesbourg CAN"]
[Date "2013.09.09"]
[Round "2"]
[White "Laflamme, Simon"]
[Black "Tremblay-Alix, Eric"]
[Result "1/2-1/2"]
[WhiteElo "2090"]
[BlackElo "1851"]
[PlyCount "82"]
[GameId "2160767909229651"]
[EventDate "2013.09.02"]
[EventType "swiss"]
[EventRounds "5"]
[EventCountry "CAN"]
[SourceTitle "EXT 2022"]
[Source "ChessBase"]
[SourceDate "2021.10.06"]
[SourceVersion "1"]
[SourceVersionDate "2021.10.06"]
[SourceQuality "1"]

1. d4 e6 2. c4 Nf6 3. Nc3 c6 4. e4 d5 5. e5 Nfd7 6. Nf3 dxc4 7. Bxc4 Nb6 8. Bb3 a5 9. Bg5 Be7 10. Bxe7 Qxe7 11. O-O Bd7 12. Ne4 O-O 13. Qd3 f5 14. exf6 gxf6 15. Nc5 Nd5 16. Nxb7 Bc8 17. Nc5 Rf7 18. Rfe1 Na6 19. Nxa6 Bxa6 20. Qe4 Re8 21. Rac1 Qd6 22. Bxd5 cxd5 23. Qc2 Rc8 24. Qa4 Rxc1 25. Rxc1 Qf4 26. Qe8+ Kg7 27. Re1 Rc7 28. Qxe6 Bd3 29. Qxd5 Rc1 30. g3 Qxf3 31. Qd7+ Kg6 32. Rxc1 Be4 33. Qe8+ Kh6 34. Kf1 Qh1+ 35. Ke2 Qf3+ 36. Ke1 Qh1+ 37. Kd2 Qf3 38. Qb5 Qxf2+ 39. Qe2 Qxd4+ 40. Ke1 Qg1+ 41. Kd2 Qd4+ 1/2-1/2

[Event "Charlesbourg Alekhine"]
[Site "Charlesbourg CAN"]
[Date "2013.09.09"]
[Round "2"]
[White "Lessard, Claude"]
[Black "Pelletier, Daniel"]
[Result "1-0"]
[WhiteElo "2136"]
[BlackElo "1334"]
[PlyCount "37"]
[GameId "2160767909229652"]
[EventDate "2013.09.02"]
[EventType "swiss"]
[EventRounds "5"]
[EventCountry "CAN"]
[SourceTitle "EXT 2022"]
[Source "ChessBase"]
[SourceDate "2021.10.06"]
[SourceVersion "1"]
[SourceVersionDate "2021.10.06"]
[SourceQuality "1"]

1. d4 d5 2. Nf3 e6 3. e3 Nf6 4. c4 Be7 5. Bd3 O-O 6. O-O c5 7. b3 cxd4 8. exd4 Nc6 9. Bb2 Qc7 10. Nbd2 dxc4 11. bxc4 Rd8 12. Rc1 Qf4 13. Qe2 b6 14. d5 Nb4 15. Bb1 Bc5 16. a3 Na6 17. Qd3 g6 18. g3 Qf5 19. Qc3 1-0

[Event "Charlesbourg Alekhine"]
[Site "Charlesbourg CAN"]
[Date "2013.09.09"]
[Round "2"]
[White "Poulin, Claude"]
[Black "Beaudoin, Stephane"]
[Result "0-1"]
[WhiteElo "1750"]
[BlackElo "2043"]
[PlyCount "80"]
[GameId "2160767909229653"]
[EventDate "2013.09.02"]
[EventType "swiss"]
[EventRounds "5"]
[EventCountry "CAN"]
[SourceTitle "EXT 2022"]
[Source "ChessBase"]
[SourceDate "2021.10.06"]
[SourceVersion "1"]
[SourceVersionDate "2021.10.06"]
[SourceQuality "1"]

1. c4 Nf6 2. g3 g6 3. Bg2 Bg7 4. Nf3 O-O 5. O-O d6 6. d3 e5 7. Nc3 Nc6 8. a3 Bg4 9. h3 Be6 10. Bd2 h6 11. b4 Qd7 12. Kh2 g5 13. b5 Ne7 14. Qc1 g4 15. Ng1 gxh3 16. Bxh3 Bxh3 17. Nxh3 d5 18. Kg2 d4 19. Ne4 Nxe4 20. dxe4 Qg4 21. f3 Qg6 22. Rh1 f5 23. Nf2 Rf6 24. Rb1 Raf8 25. exf5 Nxf5 26. Ne4 R6f7 27. c5 d3 28. e3 Nxg3 29. Nxg3 Rxf3 30. Be1 d2 31. Qxd2 Qxb1 32. Qd5+ Kh7 33. Ne4 R3f5 34. Ng3 Qc2+ 35. Kh3 Rf3 36. e4 Rd3 37. Qxb7 Qd1 38. Kh2 Rf4 39. Kg2 Qf3+ 40. Kg1 Rd1 0-1

[Event "Charlesbourg Alekhine"]
[Site "Charlesbourg CAN"]
[Date "2013.09.16"]
[Round "3"]
[White "Beaudoin, Stephane"]
[Black "Lapierre, Gaetan"]
[Result "1-0"]
[WhiteElo "2043"]
[BlackElo "1847"]
[PlyCount "53"]
[GameId "2160767909229654"]
[EventDate "2013.09.02"]
[EventType "swiss"]
[EventRounds "5"]
[EventCountry "CAN"]
[SourceTitle "EXT 2022"]
[Source "ChessBase"]
[SourceDate "2021.10.06"]
[SourceVersion "1"]
[SourceVersionDate "2021.10.06"]
[SourceQuality "1"]

1. e4 d6 2. d4 Nf6 3. Nc3 g6 4. Bg5 Bg7 5. Nf3 h6 6. Bh4 c6 7. Bd3 b5 8. O-O O-O 9. Qd2 a6 10. Rad1 Kh8 11. Rfe1 Ng8 12. Qe3 Qc7 13. e5 d5 14. e6 Bxe6 15. Bxg6 Bg4 16. Bg3 Qd7 17. Bd3 Bf5 18. Ne2 Bxd3 19. Qxd3 Qg4 20. Nf4 a5 21. h3 Qc8 22. Nh4 Bf6 23. Nh5 Nd7 24. Nf5 e6 25. Nd6 Qa6 26. Qf3 c5 27. dxc5 1-0

[Event "Charlesbourg Alekhine"]
[Site "Charlesbourg CAN"]
[Date "2013.09.16"]
[Round "3"]
[White "Drolet, Stephane"]
[Black "Tremblay-Alix, Eric"]
[Result "1-0"]
[WhiteElo "2148"]
[BlackElo "1851"]
[PlyCount "61"]
[GameId "2160767909229655"]
[EventDate "2013.09.02"]
[EventType "swiss"]
[EventRounds "5"]
[EventCountry "CAN"]
[SourceTitle "EXT 2022"]
[Source "ChessBase"]
[SourceDate "2021.10.06"]
[SourceVersion "1"]
[SourceVersionDate "2021.10.06"]
[SourceQuality "1"]

1. d4 c5 2. c3 e6 3. Nf3 d5 4. Bf4 Nc6 5. e3 Qb6 6. Qc2 Nf6 7. h3 cxd4 8. exd4 Bd7 9. Bd3 Rc8 10. a3 Na5 11. Qe2 Nb3 12. Ra2 Nh5 13. Be3 Nf6 14. O-O Bd6 15. Ne5 Qc7 16. Bc2 Na5 17. f4 a6 18. Bd3 O-O 19. Nd2 Ba4 20. Raa1 Nd7 21. Rae1 f6 22. Qh5 f5 23. Ndf3 Nf6 24. Qh4 h6 25. g4 Ne4 26. g5 hxg5 27. Nxg5 Nxg5 28. fxg5 Bxe5 29. g6 Bh2+ 30. Kh1 Rfe8 31. Bxf5 1-0

[Event "Charlesbourg Alekhine"]
[Site "Charlesbourg CAN"]
[Date "2013.09.16"]
[Round "3"]
[White "Glode, Martin"]
[Black "Laflamme, Simon"]
[Result "1/2-1/2"]
[WhiteElo "1868"]
[BlackElo "2090"]
[PlyCount "62"]
[GameId "2160767909229656"]
[EventDate "2013.09.02"]
[EventType "swiss"]
[EventRounds "5"]
[EventCountry "CAN"]
[SourceTitle "EXT 2022"]
[Source "ChessBase"]
[SourceDate "2021.10.06"]
[SourceVersion "1"]
[SourceVersionDate "2021.10.06"]
[SourceQuality "1"]

1. e4 e5 2. Nf3 Nc6 3. Bb5 Nf6 4. O-O Nxe4 5. Re1 Nd6 6. Nxe5 Be7 7. Bf1 O-O 8. d4 Ne8 9. Nc3 d5 10. Bf4 Nxe5 11. Bxe5 Nf6 12. Qf3 c6 13. Bd3 Bg4 14. Qg3 Qd7 15. h3 Bf5 16. Qf3 Bxd3 17. Qxd3 Rae8 18. Re3 Qd8 19. Rae1 Nd7 20. Bf4 Bf6 21. Bd6 Rxe3 22. Qxe3 Qb6 23. Bxf8 Nxf8 24. Ne2 Qxb2 25. Qb3 Qxb3 26. axb3 Ne6 27. Rd1 Kf8 28. c3 Ke7 29. Ng3 g6 30. Ra1 a6 31. Ne2 Kd6 1/2-1/2

[Event "Charlesbourg Alekhine"]
[Site "Charlesbourg CAN"]
[Date "2013.09.16"]
[Round "3"]
[White "Plante, Rejean"]
[Black "Robitaille, Serge"]
[Result "1-0"]
[WhiteElo "1989"]
[BlackElo "1619"]
[PlyCount "83"]
[GameId "2160767909229657"]
[EventDate "2013.09.02"]
[EventType "swiss"]
[EventRounds "5"]
[EventCountry "CAN"]
[SourceTitle "EXT 2022"]
[Source "ChessBase"]
[SourceDate "2021.10.06"]
[SourceVersion "1"]
[SourceVersionDate "2021.10.06"]
[SourceQuality "1"]

1. e4 Nf6 2. e5 Nd5 3. d4 d6 4. Nf3 Bg4 5. Bc4 e6 6. Nbd2 Nc6 7. c3 dxe5 8. Qb3 Nb6 9. dxe5 Be7 10. Bb5 O-O 11. O-O Na5 12. Qd1 Qd5 13. Qe2 Rad8 14. b4 Nc6 15. c4 Nd4 16. cxd5 Nxe2+ 17. Bxe2 Bxb4 18. dxe6 Bxe6 19. Rb1 Bc3 20. Ne4 Na4 21. Ba3 Bxa2 22. Rbc1 Bb2 23. Bxb2 Nxb2 24. Rc2 Bd5 25. Nc3 Nd3 26. Nxd5 Rxd5 27. Rd1 Rfd8 28. Rxc7 h6 29. Rxb7 Nf4 30. Rxd5 Rxd5 31. Bf1 a5 32. g3 Ne6 33. Bc4 Rc5 34. Bxe6 fxe6 35. Re7 a4 36. Rxe6 Ra5 37. Rd6 Kf7 38. Rd1 a3 39. Ra1 Ke6 40. Nd4+ Kd5 41. Nc2 Kxe5 42. Rxa3 1-0

[Event "Charlesbourg Alekhine"]
[Site "Charlesbourg CAN"]
[Date "2013.09.16"]
[Round "3"]
[White "Poulin, Claude"]
[Black "Lessard, Claude"]
[Result "0-1"]
[WhiteElo "1750"]
[BlackElo "2135"]
[PlyCount "80"]
[GameId "2160767909229658"]
[EventDate "2013.09.02"]
[EventType "swiss"]
[EventRounds "5"]
[EventCountry "CAN"]
[SourceTitle "EXT 2022"]
[Source "ChessBase"]
[SourceDate "2021.10.06"]
[SourceVersion "1"]
[SourceVersionDate "2021.10.06"]
[SourceQuality "1"]

1. c4 e5 2. Nc3 Nf6 3. d3 Bb4 4. Bd2 O-O 5. g3 Nc6 6. Bg2 d6 7. Nf3 Bxc3 8. Bxc3 e4 9. dxe4 Nxe4 10. Rc1 Be6 11. O-O Qd7 12. Nd4 Nxc3 13. Rxc3 Bh3 14. Nxc6 Bxg2 15. Kxg2 bxc6 16. Qd2 f5 17. e3 Rf6 18. c5 d5 19. Ra3 g5 20. f4 g4 21. Rc1 h5 22. Rh1 Re6 23. h3 d4 24. Rd1 Qd5+ 25. Kh2 Qf3 26. e4 Qxe4 27. Rd3 Rae8 28. Qf2 Qe2 29. R3d2 Qxf2+ 30. Rxf2 Re2 31. Rd2 Rxf2+ 32. Rxf2 d3 33. Kg1 Re1+ 34. Kg2 gxh3+ 35. Kxh3 Re2 36. Rf1 Kf7 37. Rd1 d2 38. b4 a6 39. a3 Kf6 40. a4 Kg6 0-1

[Event "Charlesbourg Alekhine"]
[Site "Charlesbourg CAN"]
[Date "2013.09.16"]
[Round "3"]
[White "Tremblay, Rejean"]
[Black "Servant, Michel"]
[Result "1-0"]
[WhiteElo "2114"]
[BlackElo "1659"]
[PlyCount "49"]
[GameId "2160767909229659"]
[EventDate "2013.09.02"]
[EventType "swiss"]
[EventRounds "5"]
[EventCountry "CAN"]
[SourceTitle "EXT 2022"]
[Source "ChessBase"]
[SourceDate "2021.10.06"]
[SourceVersion "1"]
[SourceVersionDate "2021.10.06"]
[SourceQuality "1"]

1. d4 Nf6 2. c4 g6 3. Nc3 Bg7 4. e4 d6 5. Be2 O-O 6. Nf3 Nbd7 7. O-O e5 8. Re1 exd4 9. Nxd4 Nc5 10. f3 Re8 11. Be3 Qe7 12. Qd2 c6 13. Bf1 Be6 14. Rad1 Red8 15. Bg5 a5 16. Nd5 Bxd5 17. exd5 Qd7 18. dxc6 bxc6 19. b3 Re8 20. Rxe8+ Nxe8 21. Be3 Nf6 22. Bf2 Ne6 23. Nxe6 Qxe6 24. Qxd6 Qxd6 25. Rxd6 1-0

[Event "Charlesbourg Alekhine"]
[Site "Charlesbourg CAN"]
[Date "2013.09.23"]
[Round "4"]
[White "Lessard, Claude"]
[Black "Drolet, Stephane"]
[Result "1-0"]
[WhiteElo "2136"]
[BlackElo "2148"]
[PlyCount "103"]
[GameId "2160767909229661"]
[EventDate "2013.09.02"]
[EventType "swiss"]
[EventRounds "5"]
[EventCountry "CAN"]
[SourceTitle "EXT 2022"]
[Source "ChessBase"]
[SourceDate "2021.10.06"]
[SourceVersion "1"]
[SourceVersionDate "2021.10.06"]
[SourceQuality "1"]

1. Nf3 Nf6 2. g3 d5 3. b3 c5 4. d4 Nc6 5. Bb2 Bf5 6. Bg2 e6 7. O-O h6 8. a3 Qb6 9. e3 c4 10. Nc3 cxb3 11. cxb3 Be7 12. Na4 Qd8 13. Rc1 Ne4 14. b4 Nd6 15. Nc5 Nc4 16. Rxc4 dxc4 17. Nxb7 Qc7 18. Qa4 O-O 19. Nd2 Rac8 20. Nc5 Bxc5 21. dxc5 Bd3 22. Rc1 Ne5 23. h3 Be2 24. Bxe5 Qxe5 25. Nxc4 Bxc4 26. Rxc4 Qa1+ 27. Kh2 Qe1 28. Rf4 Rc7 29. Qa5 Re7 30. c6 e5 31. Rf5 Qc3 32. Qa6 g6 33. Rf6 Rd8 34. h4 Kg7 35. h5 Rc7 36. Qa5 Kxf6 37. Qxc7 Rd2 38. hxg6 Kxg6 39. Kh3 Rxf2 40. Be4+ f5 41. Qd6+ Kg5 42. Qd8+ Kg6 43. c7 Qb2 44. Qd6+ Kg5 45. Qe7+ Kg6 46. Bxf5+ Rxf5 47. Qe6+ Kg5 48. Qg8+ Kf6 49. Qf8+ Kg6 50. Qe8+ Kg7 51. c8=Q Qf2 52. Qg8+ 1-0

[Event "Charlesbourg Alekhine"]
[Site "Charlesbourg CAN"]
[Date "2013.09.23"]
[Round "4"]
[White "Plante, Rejean"]
[Black "Beaudoin, Stephane"]
[Result "1-0"]
[WhiteElo "1989"]
[BlackElo "2043"]
[PlyCount "53"]
[GameId "2160767909229662"]
[EventDate "2013.09.02"]
[EventType "swiss"]
[EventRounds "5"]
[EventCountry "CAN"]
[SourceTitle "EXT 2022"]
[Source "ChessBase"]
[SourceDate "2021.10.06"]
[SourceVersion "1"]
[SourceVersionDate "2021.10.06"]
[SourceQuality "1"]

1. d4 Nf6 2. c4 g6 3. Nc3 Bg7 4. e4 d6 5. h3 O-O 6. Bg5 c5 7. d5 e6 8. Bd3 exd5 9. exd5 Re8+ 10. Nge2 Qb6 11. Qd2 Nbd7 12. f4 Qa5 13. O-O-O a6 14. Kb1 b5 15. Ne4 Qc7 16. Nxf6+ Nxf6 17. Nc3 bxc4 18. Bxc4 Bf5+ 19. Bd3 Ne4 20. Nxe4 Bxe4 21. Rhe1 f5 22. Bxe4 fxe4 23. g4 Rab8 24. b3 c4 25. Qc2 cxb3 26. Qxc7 bxa2+ 27. Kxa2 1-0

[Event "Charlesbourg Alekhine"]
[Site "Charlesbourg CAN"]
[Date "2013.09.23"]
[Round "4"]
[White "Tremblay-Alix, Eric"]
[Black "Picard, Christian"]
[Result "1-0"]
[WhiteElo "1851"]
[BlackElo "1651"]
[PlyCount "55"]
[GameId "2160767909229663"]
[EventDate "2013.09.02"]
[EventType "swiss"]
[EventRounds "5"]
[EventCountry "CAN"]
[SourceTitle "EXT 2022"]
[Source "ChessBase"]
[SourceDate "2021.10.06"]
[SourceVersion "1"]
[SourceVersionDate "2021.10.06"]
[SourceQuality "1"]

1. f4 d5 2. Nf3 Nf6 3. e3 e6 4. b3 Nc6 5. Bb2 a6 6. Be2 Bd7 7. c4 Bd6 8. O-O Qe7 9. Ne5 Bc5 10. cxd5 Nxd5 11. Nxd7 Qxd7 12. Qc2 Qd6 13. Bxg7 Rg8 14. Be5 Nxe5 15. fxe5 Qb6 16. Qxh7 O-O-O 17. Nc3 Nxc3 18. dxc3 Bxe3+ 19. Kh1 Qc5 20. Qe4 Bg5 21. Rxf7 Qxc3 22. Raf1 Rh8 23. Bxa6 Rd5 24. Rf8+ Rxf8 25. Rxf8+ Bd8 26. Bc4 Qxc4 27. Qxc4 Rd1+ 28. Rf1 1-0

[Event "Charlesbourg Alekhine"]
[Site "Charlesbourg CAN"]
[Date "2013.09.30"]
[Round "5"]
[White "Beaudoin, Stephane"]
[Black "Fecteau, Martin"]
[Result "1/2-1/2"]
[WhiteElo "2043"]
[BlackElo "1892"]
[PlyCount "119"]
[GameId "2160767909229664"]
[EventDate "2013.09.02"]
[EventType "swiss"]
[EventRounds "5"]
[EventCountry "CAN"]
[SourceTitle "EXT 2022"]
[Source "ChessBase"]
[SourceDate "2021.10.06"]
[SourceVersion "1"]
[SourceVersionDate "2021.10.06"]
[SourceQuality "1"]

1. e4 e5 2. f4 exf4 3. Nf3 g5 4. h4 g4 5. Ne5 h5 6. Bc4 Nh6 7. d4 d6 8. Nd3 Qe7 9. Nc3 c6 10. Bxf4 Bg7 11. Qd2 d5 12. Bb3 dxe4 13. O-O-O exd3 14. Rde1 Be6 15. d5 cxd5 16. Nxd5 Qd7 17. Nc7+ Kd8 18. Nxe6+ fxe6 19. Bxe6 Qb5 20. c4 Bxb2+ 21. Qxb2 Qxb2+ 22. Kxb2 Nc6 23. Re3 Ne7 24. Rxd3+ Ke8 25. Bd7+ Kf8 26. Rf1 Kg8 27. Bg5 Rf8 28. Re1 Nef5 29. Be6+ Kg7 30. Rd7+ Kg6 31. Bxf5+ Kxf5 32. Rde7 Nf7 33. Bd2 Rhg8 34. Bc3 Nd8 35. Rd7 Re8 36. Rf1+ Ke6 37. Rh7 Ref8 38. Re1+ Kf5 39. Rxh5+ Kg6 40. Rhe5 Rf2+ 41. Kb3 Nc6 42. h5+ Kh6 43. Rd5 Rgf8 44. Re6+ Kh7 45. Rg5 Rg8 46. Rxg8 Kxg8 47. Rg6+ Kh7 48. Rxg4 Kh6 49. Rg7 Kxh5 50. g4+ Kh6 51. Rxb7 Rf3 52. Rc7 Nd4+ 53. Kb2 Rf2+ 54. Ka3 Rf3 55. Kb4 a5+ 56. Kxa5 Rxc3 57. a4 Kg5 58. Ka6 Kxg4 59. a5 Kf5 60. Kb7 1/2-1/2

[Event "Charlesbourg Alekhine"]
[Site "Charlesbourg CAN"]
[Date "2013.09.30"]
[Round "5"]
[White "Tremblay, Rejean"]
[Black "Garneau, Benoit"]
[Result "1-0"]
[WhiteElo "2114"]
[BlackElo "1886"]
[PlyCount "47"]
[GameId "2160767909229666"]
[EventDate "2013.09.02"]
[EventType "swiss"]
[EventRounds "5"]
[EventCountry "CAN"]
[SourceTitle "EXT 2022"]
[Source "ChessBase"]
[SourceDate "2021.10.06"]
[SourceVersion "1"]
[SourceVersionDate "2021.10.06"]
[SourceQuality "1"]

1. d4 Nf6 2. c4 g6 3. Nc3 d5 4. Nf3 Bg7 5. Bf4 O-O 6. e3 c5 7. dxc5 Qa5 8. Rc1 dxc4 9. Bxc4 Qxc5 10. Bb3 Nc6 11. O-O Qa5 12. h3 Bf5 13. Qe2 e5 14. Bh2 Ne4 15. Nxe4 Bxe4 16. Rfd1 Rad8 17. Rxd8 Qxd8 18. Rd1 Qe7 19. Ne1 Rd8 20. Rxd8+ Qxd8 21. Qc4 Bf5 22. Qxf7+ Kh8 23. Qxb7 Na5 24. Qd5 1-0

[Event "Charlesbourg CC-ch"]
[Site "Charlesbourg CAN"]
[Date "2013.04.01"]
[Round "2"]
[White "Garneau, Benoit"]
[Black "Tremblay-Alix, Eric"]
[Result "0-1"]
[WhiteElo "1908"]
[BlackElo "1870"]
[PlyCount "23"]
[GameId "2160767909373011"]
[EventDate "2013.03.25"]
[EventType "tourn"]
[EventRounds "5"]
[EventCountry "CAN"]

1. e4 e5 2. Nf3 Nf6 3. Nxe5 d6 4. Nf3 Nxe4 5. Nc3 Nxc3 6. dxc3 Nc6 7. Be3 Be7 8. Qd2 Be6 9. Be2 Qd7 10. c4 Bxc4 11. Qc3 O-O 12. Bg5 0-1

[Event "Charlesbourg CC-ch"]
[Site "Charlesbourg CAN"]
[Date "2013.04.01"]
[Round "2"]
[White "Lessard, Claude"]
[Black "Lamontagne, Danny"]
[Result "1-0"]
[WhiteElo "2053"]
[BlackElo "1916"]
[PlyCount "65"]
[GameId "2160767909373012"]
[EventDate "2013.03.25"]
[EventType "tourn"]
[EventRounds "5"]
[EventCountry "CAN"]

1. Nf3 Nf6 2. g3 g6 3. b4 Bg7 4. Bb2 O-O 5. Bg2 d5 6. O-O Nbd7 7. d3 Re8 8. Nbd2 e5 9. c4 c6 10. cxd5 Nxd5 11. a3 e4 12. Nd4 exd3 13. exd3 Ne5 14. Qb3 a5 15. b5 a4 16. Qc2 c5 17. N4f3 Nxf3+ 18. Bxf3 Bxb2 19. Qxb2 Be6 20. Rac1 b6 21. Nc4 Rc8 22. Rfe1 Rb8 23. Ne5 Qf6 24. Bg2 Ne7 25. d4 Rbc8 26. dxc5 Rxc5 27. Rxc5 bxc5 28. Qc2 Rc8 29. Qxa4 c4 30. b6 Nd5 31. b7 Rb8 32. Qa7 Qd8 33. Nc6 1-0

[Event "Charlesbourg CC-ch"]
[Site "Charlesbourg CAN"]
[Date "2013.04.08"]
[Round "3"]
[White "Tremblay-Alix, Eric"]
[Black "Tremblay, Rejean"]
[Result "1-0"]
[WhiteElo "1870"]
[BlackElo "2211"]
[PlyCount "37"]
[GameId "2160767909373013"]
[EventDate "2013.03.25"]
[EventType "tourn"]
[EventRounds "5"]
[EventCountry "CAN"]

1. c4 g6 2. Nf3 Bg7 3. d4 Nf6 4. Nc3 O-O 5. e4 d6 6. Be2 e5 7. d5 a5 8. Bg5 h6 9. Bd2 Na6 10. Qc1 Kh7 11. h4 Nc5 12. Ng5+ hxg5 13. hxg5+ Nh5 14. Qd1 Kg8 15. Bxh5 gxh5 16. Qxh5 Re8 17. O-O Bd7 18. g6 Na4 19. gxf7+ 1-0